Offenbarung, Außer-ordentliches und Ordnung im Potentialis
Saved in:
| Main Author: | |
|---|---|
| Format: | Chapter/Article Conference Paper |
| Language: | German |
| Published: |
2021
|
| In: |
Wissensoikonomien
Year: 2021, Pages: 179-195 |
| Online Access: |
|
| Author Notes: | Patrick Ebert |
MARC
| LEADER | 00000caa a2200000 c 4500 | ||
|---|---|---|---|
| 001 | 1753384206 | ||
| 003 | DE-627 | ||
| 005 | 20220819160717.0 | ||
| 007 | tu | ||
| 008 | 210408s2021 xx ||||| 00| ||ger c | ||
| 035 | |a (DE-627)1753384206 | ||
| 035 | |a (DE-599)KXP1753384206 | ||
| 035 | |a (OCoLC)1341403936 | ||
| 040 | |a DE-627 |b ger |c DE-627 |e rda | ||
| 041 | |a ger | ||
| 084 | |a 12 |2 sdnb | ||
| 100 | 1 | |a Ebert, Patrick |d 1988- |e VerfasserIn |0 (DE-588)1142142094 |0 (DE-627)1001194284 |0 (DE-576)494671920 |4 aut | |
| 245 | 1 | 0 | |a Offenbarung, Außer-ordentliches und Ordnung im Potentialis |c Patrick Ebert |
| 264 | 1 | |c 2021 | |
| 300 | |a 17 | ||
| 336 | |a Text |b txt |2 rdacontent | ||
| 337 | |a ohne Hilfsmittel zu benutzen |b n |2 rdamedia | ||
| 338 | |a Band |b nc |2 rdacarrier | ||
| 773 | 0 | 8 | |i Enthalten in |a Freie Universität Berlin (6. : 2018 : Berlin) |t Wissensoikonomien |d Wiesbaden : Harrassowitz Verlag, 2021 |g (2021), Seite 179-195 |h VIII, 324 Seiten |w (DE-627)1733274383 |z 9783447115100 |z 3447115106 |7 nnam |
| 773 | 1 | 8 | |g year:2021 |g pages:179-195 |g extent:17 |a Offenbarung, Außer-ordentliches und Ordnung im Potentialis |
| 776 | 0 | 8 | |i Erscheint auch als |n Online-Ausgabe |a Ebert, Patrick, 1988 - |t Offenbarung, Außer-ordentliches und Ordnung im Potentialis |d 2021 |w (DE-627)1753384109 |
| 951 | |a AR | ||
| 992 | |a 20210408 | ||
| 993 | |a ConferencePaper | ||
| 998 | |g 1142142094 |a Ebert, Patrick |m 1142142094:Ebert, Patrick |d 10000 |d 10200 |e 10000PE1142142094 |e 10200PE1142142094 |k 0/10000/ |k 1/10000/10200/ |p 1 |x j |y j | ||
| 999 | |a KXP-PPN1753384206 |e 3904028200 | ||
| BIB | |a Y | ||
| JSO | |a {"title":[{"title_sort":"Offenbarung, Außer-ordentliches und Ordnung im Potentialis","title":"Offenbarung, Außer-ordentliches und Ordnung im Potentialis"}],"relHost":[{"recId":"1733274383","physDesc":[{"extent":"VIII, 324 Seiten","noteFormat":"25 x 18 cm","noteIll":"Illustrationen"}],"name":{"displayForm":["herausgegeben von Nora Schmidt, Nikolas Pissis und Gyburg Uhlmann"]},"type":{"bibl":"book"},"note":["\"... enthält die Beiträge der im Juni 2018 in Kooperation mit der Stiftung Humboldt Forum in Berlin ausgerichteten 6. Tagung des SFB 980 und weitere Beiträge\" (Seite [1])","Literaturangaben"],"title":[{"title_sort":"Wissensoikonomien","subtitle":"Ordnung und Transgression vormoderner Kulturen","title":"Wissensoikonomien"}],"corporate":[{"role":"aut","display":"Freie Universität Berlin (6., 2018, Berlin)"},{"role":"pbl","display":"Otto Harrassowitz GmbH & Co. KG"}],"id":{"eki":["1733274383"],"isbn":["9783447115100","3447115106"]},"part":{"pages":"179-195","year":"2021","extent":"17","text":"(2021), Seite 179-195"},"person":[{"display":"Schmidt, Nora","family":"Schmidt","role":"edt","given":"Nora"},{"family":"Pissis","role":"edt","given":"Nikolas","display":"Pissis, Nikolas"},{"given":"Gyburg","family":"Uhlmann","role":"edt","display":"Uhlmann, Gyburg"}],"origin":[{"publisherPlace":"Wiesbaden","dateIssuedDisp":"2021","dateIssuedKey":"2021","publisher":"Harrassowitz Verlag"}],"language":["eng","ger"],"disp":"Freie Universität Berlin (6. : 2018 : Berlin)Wissensoikonomien","relMultPart":[{"title":[{"title":"Episteme in Bewegung","subtitle":"Beiträge zu einer transdisziplinären Wissensgeschichte","title_sort":"Episteme in Bewegung"}],"part":{"number_sort":["18"],"number":["Band 18"]},"id":{"eki":["846220334"],"zdb":["2844684-7"],"issn":["2365-5666"]},"type":{"bibl":"serial"},"pubHistory":["Band 1-"],"physDesc":[{"noteFormat":"25 cm","extent":"Bände"}],"recId":"846220334","dispAlt":"Episteme in Bewegung","origin":[{"dateIssuedDisp":"2015-","publisherPlace":"Wiesbaden","dateIssuedKey":"2015","publisher":"Harrassowitz-Verlag"}],"disp":"Episteme in Bewegung","language":["ger"]}]}],"id":{"eki":["1753384206"]},"person":[{"role":"aut","family":"Ebert","given":"Patrick","display":"Ebert, Patrick"}],"physDesc":[{"extent":"17 S."}],"recId":"1753384206","name":{"displayForm":["Patrick Ebert"]},"origin":[{"dateIssuedKey":"2021","dateIssuedDisp":"2021"}],"language":["ger"],"type":{"bibl":"chapter"}} | ||
| SRT | |a EBERTPATRIOFFENBARUN2021 | ||